| 000 | 01160nam0a22002891 4500 | ||
|---|---|---|---|
| 001 | rc\3992463 | ||
| 005 | 20260406165407.0 | ||
| 021 |
_aRU _b[48-16511] |
||
| 035 | _a(NLR Aleph) 008068456 | ||
| 090 |
_a9047930 _c9047930 |
||
| 100 | _a20130415d1948 |||y0rusy50 ca | ||
| 101 | 0 | _arus | |
| 102 | _aRU | ||
| 105 | _aab j ||||| | ||
| 200 | 1 |
_aАстрономия _eУчебник для 10 класса сред. школы |
|
| 205 | _a2-е изд., перераб. | ||
| 210 |
_aМосква _cУчпедгиз _d1948 _gОбразцовая тип. _g"Кр. пролетарий" |
||
| 215 |
_a184 с., 1 л. ил., 1 отд. л. карт. _cил., карт. _d23 |
||
| 300 | _aПеред загл. авт.: проф. Б.А. Воронцов-Вельяминов | ||
| 320 | _aБиблиогр.: с. 175-76 | ||
| 606 |
_aАстрономия _jУчебники и пособия _2psbo |
||
| 700 | 1 |
_8rus _7ca _aВоронцов-Вельяминов _bБ. А. _f1904-1994 _gБорис Александрович _3RU\NLR\auth\7711637 _9121379 |
|
| 801 | 0 |
_aRU _bNLR _gpsbo |
|
| 801 | 1 |
_aRU _bELAR _2rusmarc |
|
| 852 |
_aNLR _jА02 Г-5/26 |
||
| 942 | _cBOOK | ||
| 980 | _aNB | ||